My East End : (Record no. 2954)

MARC details
000 -LEADER
fixed length control field 00913cam a2200277 a 4500
001 - CONTROL NUMBER
control field 2954
003 - CONTROL NUMBER IDENTIFIER
control field FISKH
005 - DATE AND TIME OF LATEST TRANSACTION
control field 20240125110624.0
008 - FIXED-LENGTH DATA ELEMENTS--GENERAL INFORMATION
fixed length control field 991216s1999 enka b 000 0 eng
010 ## - LIBRARY OF CONGRESS CONTROL NUMBER
LC control number 99490171
020 ## - INTERNATIONAL STANDARD BOOK NUMBER
International Standard Book Number 0670870773
040 ## - CATALOGING SOURCE
Original cataloging agency DLC
Transcribing agency DLC
043 ## - GEOGRAPHIC AREA CODE
Geographic area code e-uk-en
050 00 - LIBRARY OF CONGRESS CALL NUMBER
Classification number DA685.E1
Item number O54 1999
082 ## - DEWEY DECIMAL CLASSIFICATION NUMBER
Classification number 900
100 1# - MAIN ENTRY--PERSONAL NAME
Personal name O'Neill, Gilda.
245 10 - TITLE STATEMENT
Title My East End :
Remainder of title a history of Cockney London /
Statement of responsibility, etc. Gilda O'Neill.
260 ## - PUBLICATION, DISTRIBUTION, ETC.
Place of publication, distribution, etc. London ;
-- New York :
Name of publisher, distributor, etc. Viking,
Date of publication, distribution, etc. 1999
300 ## - PHYSICAL DESCRIPTION
Extent xxiii, 322 pages :
Other physical details illustrations ;
Dimensions 20 cm.
500 ## - GENERAL NOTE
General note Endpapers illustrated.
504 ## - BIBLIOGRAPHY, ETC. NOTE
Bibliography, etc. note Includes bibliographical references (p. [319]-322).
651 #0 - SUBJECT ADDED ENTRY--GEOGRAPHIC NAME
Geographic name East End (London, England)
General subdivision History.
906 ## - LOCAL DATA ELEMENT F, LDF (RLIN)
a 7
b cbc
c orignew
d 3
e ncip
f 19
g y-gencatlg
942 ## - ADDED ENTRY ELEMENTS (KOHA)
Source of classification or shelving scheme Dewey Decimal Classification
Koha item type Books
Suppress in OPAC No
Holdings
Withdrawn status Lost status Source of classification or shelving scheme Damaged status Not for loan Collection Home library Current library Shelving location Date acquired Total Checkouts Full call number Barcode Date last seen Price effective from Koha item type
    Dewey Decimal Classification     Non-Fiction Footprints International School Library Network Toul Kork Campus Footprints International School Library Network Toul Kork Campus   01/25/2024   ONE 900 DA685.E1 2024-0054 01/25/2024 01/25/2024 Books